| 000 | 00608nam a2200181 a 4500 | ||
|---|---|---|---|
| 003 | SISC | ||
| 005 | 20141210101302.0 | ||
| 008 | 090218s ph 000 0 eng d | ||
| 020 | _a9717250464 | ||
| 050 | 0 | 0 |
_aJQ 1424 _b.P54 2012 |
| 245 | 0 | 0 |
_aPhilippine government and constitution / _bFlor Amor B. Monta ... [et al.] |
| 260 |
_aMakati City, Philippines : _bGrandwater Publications and Research Corp., _cc2012. |
||
| 300 |
_a266 pages : _c22 cm. |
||
| 650 | 0 |
_aConstitutional law _zPhilippines. |
|
| 651 | 0 |
_aPhilippines _xPolitics and government. |
|
| 700 | 1 | _aMonta, Flor Amor B. | |
| 942 |
_2lcc _cBK _kFIL |
||
| 999 |
_c276904 _d276904 |
||